000 00912nam a2200253 i 4500
001 66495
003 ES-MaACL
005 20230906165653.0
007 t|
008 981015s1997 sp ||||0| spa d
020 _a84-87645-59-3
040 _aM-BN
_bspa
_cM-BN
080 _a7(460.156 V.)
245 0 0 _aVitoria Gasteiz en el arte.
250 _a1ª ed. en castellano.
260 _a[Vitoria-Gasteiz] :
_bGobierno Vasco, Departamento de Cultura :
_bDiputación Foral de Alava :
_bAyuntamiento de Vitoria-Gasteiz,
_c1997.
300 _a2 v. (597 p.) :
_bprincipalmente il. col. ;
_c33 cm.
650 1 4 _aArte-
_zVitoria-Gasteiz.
_910147
651 4 _aVitoria-Gasteiz-
_vObras ilustradas.
_99539
710 1 _aPaís Vasco.
_bDepartamento de Cultura.
_96089
710 1 _aÁlava.
_bConsejo de Cultura.
_91309
710 1 _aVitoria-Gasteiz.
_bAyuntamiento.
_97560
852 _aES-MaACL
_jL-26979-80
_bR.132351
999 _c66495
_d66495